| 000 | 00505nam a2200193Ia 4500 | ||
|---|---|---|---|
| 003 | GCL | ||
| 008 | 140319s9999 xx 000 0 ara d | ||
| 040 |
_aGCL / _cGCL |
||
| 082 | 0 | 4 |
_a809.914 _bص ر |
| 100 | 1 | _aصافيناز كاظم | |
| 245 | 1 | 0 |
_aرومانتيكيات / _cصافيناز كاظم |
| 300 | _a213 | ||
| 490 | _a | ||
| 650 | 0 | 4 | _aالادب |
| 650 | 0 | 4 | _aالرومانتيكية فى الادب |
| 650 | 0 | 4 | _aالرومانتيكية |
| 650 | 0 | 4 | _aاللؤلؤ |
| 942 |
_2ddc _cBK |
||
| 999 |
_c46232 _d46232 |
||